[Event "TUR-chT Clubs"]
[Site "Konya"]
[Date "2019.07.16"]
[Round "1.8"]
[White "Uysal, Ugur"]
[Black "Capar, Yusuf"]
[Result "1-0"]
[WhiteElo "1689"]
[BlackElo "1152"]
[PlyCount "61"]
[EventDate "2019.07.16"]
[EventType "team-swiss"]
[EventRounds "9"]
[EventCountry "TUR"]
[SourceTitle "CBM 191 Extra"]
[Source "ChessBase"]
[SourceDate "2019.09.30"]
[SourceVersion "1"]
[SourceVersionDate "2019.09.30"]
[SourceQuality "1"]
[WhiteTeam "Canakkale Doruk"]
[BlackTeam "Ermenek Turkuaz Yelken"]
[WhiteTeamCountry "TUR"]
[BlackTeamCountry "TUR"]

1. Nf3 d6 2. d4 Nf6 3. c4 Nbd7 4. g3 c5 5. Bg2 g6 6. 0-0 Bg7 7. Nc3 a6 8. e4 0-0 9. Re1 e5 10. dxe5 dxe5 11. Qe2 Qc7 12. a4 Re8 13. Be3 b6 14. a5 bxa5 15. Nd2 Rb8 16. Reb1 Bb7 17. Nd5 Nxd5 18. cxd5 Qd6 19. Nc4 Qc7 20. Nxa5 f5 21. f3 Rf8 22. Qc4 Kh8 23. b4 Rfc8 24. bxc5 fxe4 25. fxe4 Ba8 26. Rxb8 Rxb8 27. c6 Nb6 28. Qxa6 Bf8 29. Bxb6 Qxb6+ 30. Qxb6 Rxb6 31. c7 1-0

[Event "TUR Cup										"]
[Site "Antalya"]
[Date "2018.02.03"]
[Round "11"]
[White "Uysal, Ugur"]
[Black "Dogan, Sevval"]
[Result "0-1"]
[WhiteElo "1639"]
[BlackElo "1861"]
[PlyCount "56"]
[EventDate "2018.01.27"]
[EventType "swiss"]
[EventRounds "11"]
[EventCountry "TUR"]
[SourceTitle "CBM 182 Extra"]
[Source "ChessBase"]
[SourceDate "2018.02.23"]
[SourceVersion "1"]
[SourceVersionDate "2018.02.23"]
[SourceQuality "1"]

1. Nf3 c5 2. c4 Nc6 3. d4 cxd4 4. Nxd4 Nf6 5. g3 g6 6. Bg2 Bg7 7. Nb3 0-0 8. 0-0 d6 9. Nc3 Be6 10. c5 d5 11. e4 d4 12. Ne2 Bc4 13. Re1 d3 14. Nc3 Nb4 15. Nd2 Ba6 16. Rf1 Nc2 17. Rb1 Nd7 18. c6 bxc6 19. Na4 Qa5 20. b3 Nb6 21. Bb2 Nxa4 22. Bxg7 Kxg7 23. bxa4 Qxa4 24. Rb2 Rad8 25. Nb3 Qa3 26. Qb1 c5 27. Rd1 c4 28. Nc1 Qa4 0-1

[Event "TUR Cup										"]
[Site "Antalya"]
[Date "2018.02.02"]
[Round "10"]
[White "Ozbag, Berat"]
[Black "Uysal, Ugur"]
[Result "1/2-1/2"]
[WhiteElo "1701"]
[BlackElo "1639"]
[PlyCount "84"]
[EventDate "2018.01.27"]
[EventType "swiss"]
[EventRounds "11"]
[EventCountry "TUR"]
[SourceTitle "CBM 182 Extra"]
[Source "ChessBase"]
[SourceDate "2018.02.23"]
[SourceVersion "1"]
[SourceVersionDate "2018.02.23"]
[SourceQuality "1"]

1. d4 Nf6 2. c4 g6 3. Nc3 Bg7 4. e4 d6 5. Be2 0-0 6. Be3 a6 7. g4 Nfd7 8. g5 c5 9. Nf3 cxd4 10. Bxd4 Nc6 11. Bxg7 Kxg7 12. Nd5 Qa5+ 13. Kf1 Nc5 14. Qc2 Bh3+ 15. Kg1 Ne6 16. b4 Qd8 17. Qc3+ Kg8 18. b5 axb5 19. cxb5 Na5 20. Nd2 Nxg5 21. f4 Rc8 22. Qe3 e6 23. Nb4 Qf6 24. e5 dxe5 25. fxg5 Qf5 26. Ne4 Rfd8 27. Nf6+ Kg7 28. Bf1 Bg4 29. a3 Nc4 30. Bxc4 Rxc4 31. Rf1 Rf4 32. Rxf4 exf4 33. Qc3 e5 34. h4 h6 35. Nbd5 hxg5 36. hxg5 Bh5 37. Kf2 Qxg5 38. Rg1 Qh4+ 39. Kf1 f3 40. Qxe5 Qc4+ 41. Kf2 Qc5+ 42. Kf1 Qc4+ 1/2-1/2

[Event "TUR Cup										"]
[Site "Antalya"]
[Date "2018.01.28"]
[Round "3"]
[White "Uysal, Ugur"]
[Black "Zekeriyaoglu, Ersen"]
[Result "1-0"]
[WhiteElo "1639"]
[BlackElo "1839"]
[PlyCount "79"]
[EventDate "2018.01.27"]
[EventType "swiss"]
[EventRounds "11"]
[EventCountry "TUR"]
[SourceTitle "CBM 182 Extra"]
[Source "ChessBase"]
[SourceDate "2018.02.23"]
[SourceVersion "1"]
[SourceVersionDate "2018.02.23"]
[SourceQuality "1"]

1. Nf3 d5 2. d4 Bf5 3. c4 e6 4. Qb3 Nc6 5. Bd2 Rb8 6. cxd5 Qxd5 7. Qxd5 exd5 8. a3 Nf6 9. Nc3 Bd6 10. Nb5 Ne4 11. Nxd6+ Nxd6 12. Bf4 Kd7 13. e3 f6 14. Be2 g5 15. Bg3 h5 16. h4 Ne4 17. Bh2 g4 18. Nd2 Rbc8 19. Nxe4 Bxe4 20. 0-0 Ne7 21. Rac1 Nf5 22. f3 Nxe3 23. fxe4 Nxf1 24. Rxf1 dxe4 25. Rxf6 Rcf8 26. Rf4 Rhg8 27. Kf2 Kc6 28. Bc4 Rxf4+ 29. Bxf4 g3+ 30. Ke3 Rg4 31. Bg5 Kd6 32. Be2 Rxg5 33. hxg5 h4 34. Bg4 a5 35. Kxe4 c6 36. Kf5 Kd5 37. g6 Kxd4 38. g7 Ke3 39. g8Q Kf2 40. Bh3 1-0

[Event "Skopje U2200 op"]
[Site "Skopje"]
[Date "2017.12.09"]
[Round "4"]
[White "Zivkovic, Momcilo"]
[Black "Uysal, Ugur"]
[Result "1-0"]
[WhiteElo "2111"]
[BlackElo "1450"]
[PlyCount "40"]
[EventDate "2017.12.07"]
[EventType "swiss"]
[EventRounds "7"]
[EventCountry "MKD"]
[SourceTitle "CBM 182 Extra"]
[Source "ChessBase"]
[SourceDate "2018.02.23"]
[SourceVersion "1"]
[SourceVersionDate "2018.02.23"]
[SourceQuality "1"]

1. e4 c5 2. c3 d5 3. exd5 Qxd5 4. d4 g6 5. Be3 cxd4 6. cxd4 Bg7 7. Nc3 Qd8 8. Nf3 Nh6 9. Bb5+ Bd7 10. 0-0 0-0 11. d5 Nf5 12. Bxd7 Nxe3 13. fxe3 Nxd7 14. Kh1 Qb6 15. Qe2 Rac8 16. Rac1 Qa5 17. Nd4 Qb4 18. Rfd1 Ne5 19. a3 Qa5 20. Rc2 Bh6 1-0

[Event "Skopje U2200 op"]
[Site "Skopje"]
[Date "2017.12.08"]
[Round "3"]
[White "Mehmed, Elif"]
[Black "Uysal, Ugur"]
[Result "0-1"]
[WhiteElo "1968"]
[BlackElo "1450"]
[PlyCount "42"]
[EventDate "2017.12.07"]
[EventType "swiss"]
[EventRounds "7"]
[EventCountry "MKD"]
[SourceTitle "CBM 182 Extra"]
[Source "ChessBase"]
[SourceDate "2018.02.23"]
[SourceVersion "1"]
[SourceVersionDate "2018.02.23"]
[SourceQuality "1"]

1. e4 c5 2. Nf3 e6 3. d4 cxd4 4. Nxd4 a6 5. Nc3 Qc7 6. Bd3 Bc5 7. Nb3 Be7 8. 0-0 Nf6 9. Qe2 d6 10. a4 b6 11. f4 Nbd7 12. Bd2 0-0 13. Rae1 Nc5 14. Kh1 Nxd3 15. cxd3 Bb7 16. Rc1 Qd7 17. a5 b5 18. Na2 Rac8 19. Nb4 Rfd8 20. Rfd1 e5 21. Rxc8 Rxc8 0-1

[Event "TUR-ch U20"]
[Site "Canakkale"]
[Date "2016.06.30"]
[Round "5"]
[White "Uysal, Ugur"]
[Black "Tofan, Ismail"]
[Result "0-1"]
[WhiteElo "1477"]
[BlackElo "1719"]
[PlyCount "114"]
[EventDate "2016.06.27"]
[EventType "swiss"]
[EventRounds "9"]
[EventCountry "TUR"]
[SourceTitle "CBM 173 Extra"]
[Source "ChessBase"]
[SourceDate "2016.08.29"]
[SourceVersion "1"]
[SourceVersionDate "2016.08.29"]
[SourceQuality "1"]

1. Nf3 Nf6 2. d4 g6 3. c4 Bg7 4. g3 0-0 5. Bg2 c6 6. Nc3 d5 7. cxd5 cxd5 8. 0-0 Nc6 9. h3 h6 10. a3 Kh7 11. b4 a6 12. e3 b5 13. Bb2 Bb7 14. Rc1 Rc8 15. Ne5 e6 16. Nd3 Nd7 17. a4 Qb6 18. axb5 axb5 19. Nc5 Rfd8 20. Qb3 Ndb8 21. Rfd1 Na6 22. Ba3 Na7 23. Bf1 Bf8 24. Rd2 Bd6 25. Bd3 Kg7 26. e4 dxe4 27. Bxe4 Bxe4 28. N3xe4 Nc7 29. Nxd6 Rxd6 30. Ne4 Rdd8 31. Bb2 Nd5 32. Rc5 Nc6 33. Rdc2 Nce7 34. Qd3 Qa6 35. Qd2 Qa4 36. Bc1 g5 37. h4 Qxb4 38. hxg5 Qxd2 39. Bxd2 hxg5 40. Bxg5 f6 41. Be3 b4 42. Rxc8 Rxc8 43. Nc5 Kf7 44. Rb2 Nf5 45. Rb3 e5 46. Ne4 Rc4 47. g4 Nfxe3 48. fxe3 Rc1+ 49. Kf2 Nc3 50. Nxc3 bxc3 51. Ke2 e4 52. d5 Ke7 53. Rb6 Rc2+ 54. Ke1 Rc1+ 55. Ke2 Rc2+ 56. Ke1 Rh2 57. Rb1 Rh1+ 0-1